[Event "Tarragona-chA"]
[Site "Tarragona"]
[Date "2017.11.19"]
[Round "8"]
[White "Ribes Cabrera, Josep Lluis"]
[Black "Regue Farran, Enric"]
[Result "0-1"]
[WhiteElo "1807"]
[BlackElo "1950"]
[PlyCount "134"]
[EventDate "2017.10.08"]
[EventType "swiss"]
[EventRounds "9"]
[EventCountry "ESP"]
[SourceTitle "CBM 181 Extra"]
[Source "ChessBase"]
[SourceDate "2017.12.12"]
[SourceVersion "1"]
[SourceVersionDate "2017.12.12"]
[SourceQuality "1"]

1. d4 Nf6 2. Bf4 d5 3. e3 e6 4. Nd2 c5 5. c3 Nc6 6. Ngf3 a6 7. Bd3 c4 8. Bc2 b5 9. a3 Bb7 10. 0-0 Nh5 11. Ne5 Nxf4 12. exf4 g6 13. Re1 Bg7 14. Nxc6 Bxc6 15. f5 Bd7 16. Qg4 0-0 17. fxg6 fxg6 18. Qg3 Bh6 19. Nf3 Bf4 20. Qh4 Qxh4 21. Nxh4 Rae8 22. Nf3 a5 23. Ne5 Bc8 24. Nc6 Bc7 25. a4 b4 26. cxb4 axb4 27. Nxb4 Ba5 28. Nc6 Bxe1 29. Rxe1 Bb7 30. Ne5 Rf4 31. Nf3 Kg7 32. Re3 Rf7 33. Ne5 Rc7 34. h4 Ba6 35. Rc3 Rb7 36. b3 cxb3 37. Bxb3 Reb8 38. Bc2 Bc4 39. Nc6 Rc8 40. Ne5 Rb4 41. h5 Ba6 42. Rxc8 Bxc8 43. hxg6 hxg6 44. Nf3 Rc4 45. Bb3 Rc3 46. Ba2 Ra3 47. Bb1 Ra1 48. Nd2 Rxa4 49. Nf3 Ra1 50. Nd2 e5 51. Kh2 e4 52. Kg3 Kf6 53. Kf4 g5+ 54. Ke3 Ra3+ 55. Ke2 Ba6+ 56. Kd1 Bd3 57. Bc2 Ra1+ 58. Nb1 Rxb1+ 59. Bxb1 Bxb1 60. Kc1 Bd3 61. Kd2 Kf5 62. Ke3 Bf1 63. g3 Kg4 64. f3+ exf3 65. Kf2 Bc4 66. Kg1 Kxg3 67. Kh1 Bd3 0-1

[Event "Tarragona-chA"]
[Site "Tarragona"]
[Date "2017.10.08"]
[Round "1"]
[White "Bru Rullo, Llatzer"]
[Black "Ribes Cabrera, Josep Lluis"]
[Result "1-0"]
[WhiteElo "2232"]
[BlackElo "1807"]
[PlyCount "53"]
[EventDate "2017.10.08"]
[EventType "swiss"]
[EventRounds "9"]
[EventCountry "ESP"]
[SourceTitle "CBM 181 Extra"]
[Source "ChessBase"]
[SourceDate "2017.12.12"]
[SourceVersion "1"]
[SourceVersionDate "2017.12.12"]
[SourceQuality "1"]

1. d4 Nf6 2. c4 g6 3. g3 Bg7 4. Bg2 0-0 5. Nc3 d6 6. Nf3 Nc6 7. 0-0 a6 8. h3 Rb8 9. e4 e5 10. d5 Na5 11. Qd3 b5 12. cxb5 axb5 13. b4 Nc4 14. a4 Nb6 15. Qxb5 Bxh3 16. Bxh3 Nbxd5 17. Qd3 Nxc3 18. Qxc3 Nxe4 19. Qc2 Rxb4 20. Ba3 Nxf2 21. Rxf2 e4 22. Rd1 Rb8 23. Qxe4 Rb3 24. Bc1 Re8 25. Qd5 Qb8 26. Kg2 c6 27. Qxc6 1-0

[Event "Tarragona Province-chA"]
[Site "L'Hospitalet Infant"]
[Date "2016.11.20"]
[Round "8"]
[White "Novales Montero, Enric"]
[Black "Ribes Cabrera, Josep Lluis"]
[Result "0-1"]
[WhiteElo "1744"]
[BlackElo "1859"]
[PlyCount "88"]
[EventDate "2016.10.02"]
[EventType "swiss"]
[EventRounds "9"]
[EventCountry "ESP"]
[SourceTitle "EXT 2018"]
[Source "ChessBase"]
[SourceDate "2017.10.13"]
[SourceVersion "1"]
[SourceVersionDate "2017.10.13"]
[SourceQuality "1"]

1. e4 c6 2. d4 d5 3. Nd2 dxe4 4. Nxe4 Nd7 5. Nf3 Ngf6 6. Ng3 e6 7. Bd3 Qc7 8. 0-0 Be7 9. c3 0-0 10. Qc2 c5 11. Re1 Re8 12. Be3 a6 13. Ng5 Nf8 14. Nf3 Ng6 15. Rad1 c4 16. Bf1 b5 17. Bc1 Bb7 18. Nd2 Nd5 19. Nde4 Ngf4 20. Ne2 Nd3 21. Rxd3 cxd3 22. Qxd3 Nf6 23. Nxf6+ Bxf6 24. Ng3 g6 25. Ne4 Bxe4 26. Rxe4 Rad8 27. Qf3 Qe7 28. Bd3 Bg5 29. Bf4 Bxf4 30. Qxf4 Rd5 31. Re3 Qg5 32. Qc7 Red8 33. g3 Qf6 34. Kg2 R5d7 35. Qc6 Rd6 36. Qc7 R8d7 37. Qc5 Qd8 38. h4 Rd5 39. Qa3 Qb6 40. Qb3 e5 41. Be4 exd4 42. Rf3 Re5 43. Rf4 d3 44. Bxd3 Qb7+ 0-1

[Event "Mollerussa op-A"]
[Site "Mollerusa"]
[Date "1997.??.??"]
[Round "4"]
[White "Castany Pampalona, Andreu"]
[Black "Ribes Cabrera, Josep Lluis"]
[Result "1/2-1/2"]
[WhiteElo "2015"]
[BlackElo "2080"]
[PlyCount "136"]
[EventDate "1997.??.??"]
[EventType "swiss"]
[EventRounds "9"]
[EventCountry "ESP"]
[SourceTitle "EXT 2003"]
[Source "ChessBase"]
[SourceDate "2002.11.25"]
[SourceVersion "1"]
[SourceVersionDate "2002.11.25"]
[SourceQuality "1"]

1. d4 Nf6 2. c4 e6 3. Nc3 d5 4. Bg5 Be7 5. Nf3 Nbd7 6. e3 0-0 7. cxd5 exd5 8. Bd3 Re8 9. 0-0 c6 10. Qc2 Nf8 11. h3 g6 12. Bf4 Ne6 13. Bh2 Ng7 14. a3 a5 15. Rab1 Bf5 16. Ne5 Bxd3 17. Nxd3 Nf5 18. b4 axb4 19. axb4 Nd7 20. b5 Nd6 21. bxc6 bxc6 22. Ra1 Nc4 23. Rxa8 Qxa8 24. Qa4 Ndb6 25. Qxa8 Rxa8 26. Ne5 Nxe5 27. Bxe5 Nc4 28. Bh2 Ra3 29. Ne2 Ra2 30. Nf4 Ba3 31. Nd3 Nd2 32. Rd1 Rc2 33. Ne5 c5 34. dxc5 Bxc5 35. Nd7 Ba3 36. Nf6+ Kg7 37. Nxd5 Rc1 38. Rxc1 Bxc1 39. Be5+ Kg8 40. Nf6+ Kg7 41. Ne4+ Kg8 42. Nxd2 Bxd2 43. Kf1 f5 44. Ke2 Ba5 45. Kf3 Kf7 46. g4 Ke6 47. Bd4 Bc7 48. Kg2 Kd5 49. gxf5 gxf5 50. Kf3 Bh2 51. Bg7 Bd6 52. Bh6 Be5 53. Bf4 Bf6 54. Bg3 Bg5 55. h4 Bh6 56. Bf4 Bg7 57. Bc7 Bf6 58. Bg3 Be7 59. Kf4 Ke6 60. e4 fxe4 61. Kxe4 Bd8 62. Kf4 h5 63. Ke4 Be7 64. f4 Bf6 65. Bf2 Bc3 66. f5+ Kf7 67. Be3 Be1 68. Bg5 Bc3 1/2-1/2

[Event "Mollerussa op-A"]
[Site "Mollerusa"]
[Date "1997.??.??"]
[Round "6"]
[White "Juarez, Bermejo Juan M"]
[Black "Ribes Cabrera, Josep Lluis"]
[Result "1/2-1/2"]
[WhiteElo "2135"]
[BlackElo "2080"]
[PlyCount "82"]
[EventDate "1997.??.??"]
[EventType "swiss"]
[EventRounds "9"]
[EventCountry "ESP"]
[SourceTitle "EXT 2003"]
[Source "ChessBase"]
[SourceDate "2002.11.25"]
[SourceVersion "1"]
[SourceVersionDate "2002.11.25"]
[SourceQuality "1"]

1. e4 c6 2. d4 d5 3. exd5 cxd5 4. Bd3 Nf6 5. Bf4 Qb6 6. Bc1 Nc6 7. c3 Bg4 8. Qb3 Qxb3 9. axb3 e5 10. dxe5 Nxe5 11. Bb5+ Bd7 12. Be2 Bc5 13. Nf3 Nxf3+ 14. Bxf3 0-0 15. 0-0 Bc6 16. b4 Bb6 17. Na3 d4 18. Bxc6 bxc6 19. Nc4 dxc3 20. bxc3 Nd5 21. Bd2 Rfd8 22. Nxb6 axb6 23. c4 Nc7 24. Be3 Rxa1 25. Rxa1 Ra8 26. Rxa8+ Nxa8 27. Bf4 Kf8 28. g4 Ke7 29. Kg2 Kd7 30. Kf3 Nc7 31. Bxc7 Kxc7 32. Ke4 Kd6 33. f4 c5 34. b5 f6 35. h4 Ke6 36. f5+ Kd6 37. Kf4 Ke7 38. g5 Kd7 39. h5 h6 40. g6 Kd6 41. Ke4 Ke7 1/2-1/2

[Event "Mollerussa op-A"]
[Site "Mollerusa"]
[Date "1997.??.??"]
[Round "8"]
[White "Quintas Galeano, Lluis"]
[Black "Ribes Cabrera, Josep Lluis"]
[Result "0-1"]
[WhiteElo "2050"]
[BlackElo "2080"]
[PlyCount "86"]
[EventDate "1997.??.??"]
[EventType "swiss"]
[EventRounds "9"]
[EventCountry "ESP"]
[SourceTitle "EXT 2003"]
[Source "ChessBase"]
[SourceDate "2002.11.25"]
[SourceVersion "1"]
[SourceVersionDate "2002.11.25"]
[SourceQuality "1"]

1. e4 c6 2. d4 d5 3. Nc3 dxe4 4. Nxe4 Nd7 5. Nf3 Ngf6 6. Nxf6+ Nxf6 7. Bc4 Bf5 8. Ne5 e6 9. g4 Be4 10. f3 Bd5 11. Be2 b5 12. a4 Qb6 13. g5 Nd7 14. Nxd7 Kxd7 15. Be3 Bd6 16. Qd2 a6 17. 0-0 h6 18. g6 fxg6 19. b3 b4 20. Bd3 g5 21. f4 Bxf4 22. Bxf4 gxf4 23. Qxf4 Qd8 24. Qe5 Qe7 25. Rf4 a5 26. Raf1 Rhf8 27. Bg6 Rxf4 28. Qxf4 Rf8 29. Qg4 Rxf1+ 30. Kxf1 Qf6+ 31. Ke1 Qf3 32. Qxf3 Bxf3 33. Kf2 Bg4 34. Bd3 Kd6 35. Ke3 Bf5 36. Be4 g5 37. Kd3 h5 38. Ke3 g4 39. Kf4 h4 40. Bd3 Bxd3 41. cxd3 g3 42. hxg3 hxg3 43. Kxg3 Kd5 0-1

[Event "Mollerussa op-A"]
[Site "Mollerusa"]
[Date "1997.??.??"]
[Round "7"]
[White "Ribes Cabrera, Josep Lluis"]
[Black "Banda Bolanos, Martin"]
[Result "1/2-1/2"]
[WhiteElo "2080"]
[BlackElo "2005"]
[PlyCount "127"]
[EventDate "1997.??.??"]
[EventType "swiss"]
[EventRounds "9"]
[EventCountry "ESP"]
[SourceTitle "EXT 2003"]
[Source "ChessBase"]
[SourceDate "2002.11.25"]
[SourceVersion "1"]
[SourceVersionDate "2002.11.25"]
[SourceQuality "1"]

1. d4 b5 2. e4 a6 3. Nf3 Bb7 4. Bd3 e6 5. 0-0 c5 6. c3 Nf6 7. Qe2 Nc6 8. a4 b4 9. Bg5 h6 10. Be3 Na5 11. Nbd2 c4 12. Nxc4 Nxc4 13. Bxc4 Nxe4 14. cxb4 Bxb4 15. Ne5 0-0 16. Nd3 Be7 17. a5 d5 18. Bb3 Bc6 19. Ba4 Bxa4 20. Rxa4 Qd7 21. Raa1 Qb5 22. f3 Nd6 23. Bd2 Rfc8 24. Bc3 Nf5 25. g4 Nd6 26. Rfd1 Nb7 27. Qe1 Bf6 28. Kh1 Rc4 29. Ne5 Ra4 30. Rxa4 Qxa4 31. Ra1 Qb5 32. Qf1 Qe8 33. Qe2 Nd6 34. Qd3 Nb5 35. Kg2 Nxc3 36. bxc3 Bd8 37. f4 Qb5 38. Qxb5 axb5 39. Nc6 Bc7 40. a6 Bxf4 41. a7 Kf8 42. Rb1 Ke8 43. Rxb5 Kd7 44. Rb6 Bc7 45. Ra6 Kc8 46. Na5 Bxa5 47. Rxa5 Kb7 48. c4 dxc4 49. Rc5 Rxa7 50. Rxc4 Ra6 51. Rc2 Rc6 52. Rf2 Rc7 53. Kf3 Kc6 54. Ke4 Kd6 55. h4 f6 56. Ra2 g6 57. Ra6+ Rc6 58. Ra8 f5+ 59. gxf5 exf5+ 60. Kd3 g5 61. hxg5 hxg5 62. Rg8 g4 63. Rg5 g3 64. Rxg3 1/2-1/2